000
00322nam a2200145Ia 4500
100
_a
Wilson /J/ Hawkes/ J.F.B
942
_c
BK
654
_a
Optoelectronics
245
_a
Optoelectronics
260
_b
Prentice Hall
_a
New Delhi
_c
1996
082
_a
621.380414 WIL
300
_a
470
546
_a
ENGLISH
999
_c
18114
_d
18114